MARC

Tag First Indicator Second Indicator Subfields
LEADER 00000cjm a2200000Ia 4500
001 in00003441234
005 20151206102839.0
007 sd fsngnnmmneu
008 060221s2005 qucuunn n lat d
028 0 2 |a IMED 0575  |b Empreintes Digitales 
035 |a (OCoLC)ocm64178080 
035 |a (OCoLC)64178080 
040 |a ZYU  |c ZYU  |d OCLCG  |d CDN  |d CNMBL  |d LS1  |d OCLCF  |d UtOrBLW 
041 0 |g eng  |g fre 
049 |a TXAM 
050 1 4 |a MU0654 C-disc 
082 0 4 |a 786.7  |2 22 
090 |a M1473.N675  |b P89 2005 
100 1 |a Normandeau, Robert,  |d 1955- 
240 1 0 |a Electronic music.  |k Selections 
245 1 0 |a Puzzles /  |c Robert Normandeau. 
264 1 |a Montréal :  |b Empreintes Digitales,  |c 2005. 
300 |a 1 sound disc :  |b digital ;  |c 4 3/4 in. 
306 |a 011019 
336 |a performed music  |b prm  |2 rdacontent 
337 |a audio  |b s  |2 rdamedia 
338 |a audio disc  |b sd  |2 rdacarrier 
538 |a Can be played on a DVD audio player, DVD player or DVD-ROM player. 
511 0 |a Gregory Hlady, Évelyne Rompré, voices (3rd work) ; Silvy Grenier, hurdy-gurdy ; James Darling, cello (4th work). 
500 |a Program notes by the composer in English and French in container. 
500 |a Electronic and electroacoustic music. 
500 |a DVD-audio disc. 
505 0 |a Puzzle (5:40) -- Éden (16:21) -- Chorus (14:00) -- StrinGDberg (18:20) -- Hamlet-machine with actors (15:58). 
500 |a Sound recording. 
650 0 |a Computer music. 
650 0 |a Electronic music. 
650 6 |a Musique électroacoustique  |z Québec (Province) 
650 6 |a Musique électronique. 
650 6 |a Musique par ordinateur. 
650 6 |a Chansons acc. d'ensemble instrumental. 
650 6 |a Vielle à roue et instruments à cordes. 
650 7 |a Computer music.  |2 fast  |0 (OCoLC)fst00872274 
650 7 |a Electronic music.  |2 fast  |0 (OCoLC)fst00907363 
700 1 2 |a Normandeau, Robert,  |d 1955-  |t Puzzle. 
700 1 2 |a Normandeau, Robert,  |d 1955-  |t Éden. 
700 1 2 |a Normandeau, Robert,  |d 1955-  |t Chorus. 
700 1 2 |a Normandeau, Robert,  |d 1955-  |t StrinGDberg. 
700 1 2 |a Normandeau, Robert,  |d 1955-  |t Hamlet-machine with actors. 
994 |a C0  |b TXA 
948 |a cataloged  |b h  |c 2014/8/26  |d c  |e blrosas  |f 1:12:43 pm 
999 |a MARS 
999 f f |s f334f52d-d526-3b92-9099-4ed6534eed31  |i 5073f537-3c5a-3a70-8eba-efb6c71b49f2  |t 0 
952 f f |p ric  |a Texas A&M University  |b Rellis Campus  |c Joint Library Facility  |d Remote Storage  |t 0  |e M1473.N675 P89 2005  |h Library of Congress classification  |i audio -- audio disc  |m A14842742174 
998 f f |a M1473.N675 P89 2005  |t 0  |l Remote Storage